| 000 | 00992nam0a22002531 4500 | ||
|---|---|---|---|
| 001 | rc\103858 | ||
| 005 | 20021216133338.2 | ||
| 035 | _a(NLR Aleph) 005366255 | ||
| 090 |
_a6951688 _c6951688 |
||
| 100 | _a20021216d1992 u |0rusy50 ca | ||
| 101 | 0 | _arus | |
| 102 | _aRU | ||
| 105 | _ay ||||||||| | ||
| 200 | 1 | _aНационально-языковая политика финского руководства Советской Карелии (1920-1935) | |
| 210 |
_aПетрозаводск _cКарел. науч. центр РАН _d1992 |
||
| 215 |
_a28 с. _d20 |
||
| 225 | 1 |
_aНаучные доклады _eПрепринт _fРос. акад. наук. Карел. науч. центр, Ин-т яз., лит. и истории |
|
| 320 | _aБиблиогр. в примеч.: с. 24-28 | ||
| 700 | 1 |
_aЛевкоев _bА. А. _gАлексей Альбертович |
|
| 801 | 0 |
_aRU _bNLR _gpsbo |
|
| 801 | 1 |
_aRU _bELAR _2rusmarc |
|
| 852 |
_aNLR _j92-4/10304 |
||
| 942 | _cBOOK | ||
| 980 | _aNB | ||